000 01390nam a2200313Ia 4500
001 ebr10044868
003 CaPaEBR
006 m u
007 cr cn|||||||||
008 031216s2001 nyu gsb 100 0 eng d
020 _z033396389X
040 _aCaPaEBR
_cCaPaEBR
035 _a(OCoLC)55664330
050 1 4 _aHD62.4
_b.M844 2001eb
245 0 0 _aMultinationals in a new era
_h[electronic resource] :
_binternational strategy and management /
_cedited by J.H. Taggart, Maureen Berry, and Michael McDermott.
260 _aNew York :
_bPalgrave Macmillan,
_c2001.
300 _a299 p.
500 _aPapers from the 27th Annual Conference of the UK Chapter of the Academy of International Business.
504 _aIncludes bibliographical references.
533 _aElectronic reproduction.
_bPalo Alto, Calif. :
_cebrary,
_d2009.
_nAvailable via World Wide Web.
_nAccess may be limited to ebrary affiliated libraries.
650 0 _aInternational business enterprises
_xManagement
_vCongresses.
650 0 _aGlobalization
_xEconomic aspects
_vCongresses.
655 7 _aElectronic books.
_2local
700 1 _aTaggart, J. H.
_q(James H.),
_d1943-
700 1 _aBerry, Maureen.
700 1 _aMcDermott, Michael C.
710 2 _aebrary, Inc.
856 4 0 _uhttp://site.ebrary.com/lib/rucke/Doc?id=10044868
_zAn electronic book accessible through the World Wide Web; click to view
999 _c179319
_d179319